000 00976nam a22003137i 4500
003 DO-SdBNP
005 20250213133958.0
007 ta
008 210617e2018 dr ||||er|||| 001 fdspa d
020 _a9781719487597
040 _aDO-SdBNP
_bspa
_cBNPHU
041 _hspa
082 4 _aRD863.44
_bB142p
_222
100 1 _933435
_aBáez, Frank,
_d1978-
_eautor
245 1 0 _aPágales tú a los psicoanalistas /
_cFrank Báez
250 _asegunda edición
264 _aSanto Domingo :
_bPing Pong,
_c2018
300 _a103 páginas ;
_c22 cm
336 _ardacontent
_btexto
_2txt
337 _ardamedia
_bsin mediacón
_2n
338 _ardacariier
_bvolumen
_2nc
500 _aEdición revisada, corregida y aumentada.
500 _aIncluye biografía del autor en la página 103
590 _aInventariado, 2021/MFF
650 4 _926903
_aCuentos dominicanos
650 4 _aLiteratura dominicana.
_967
910 _aValidado. Control de calidad MFF
942 _2ddc
_cLBS1
999 _c49945
_d49945